ہندوستان اردو میں / (Record no. 106362)

MARC details
000 -LEADER
fixed length control field 00946nam a22002537a 4500
005 - DATE AND TIME OF LATEST TRANSACTION
control field 20170123162307.0
010 ## - LIBRARY OF CONGRESS CONTROL NUMBER
LC control number B-230501
020 ## - INTERNATIONAL STANDARD BOOK NUMBER
Terms of availability 150.00
International Standard Book Number 8180420450
035 ## - SYSTEM CONTROL NUMBER
System control number B-230501
037 ## - SOURCE OF ACQUISITION
Source of stock number/acquisition Cen Lib/Ret
040 ## - CATALOGING SOURCE
Original cataloging agency DPL
Language of cataloging UR
082 ## - DEWEY DECIMAL CLASSIFICATION NUMBER
Classification number 841.08
Item number م ظ ف
100 ## - MAIN ENTRY--PERSONAL NAME
Personal name مظفّر حنفی
9 (RLIN) 111051
245 ## - TITLE STATEMENT
Title ہندوستان اردو میں /
Statement of responsibility, etc مظفّر حنفی
246 ## - VARYING FORM OF TITLE
Title proper/short title Hindustan urdu men /
Remainder of title by Muzaffar Hanfi
260 ## - PUBLICATION, DISTRIBUTION, ETC. (IMPRINT)
Place of publication, distribution, etc نیی دہلی
Name of publisher, distributor, etc ماڈرن پبلشنگ ہاؤس
Date of publication, distribution, etc 2007
270 ## - ADDRESS
Address ٩، گوا مارکیٹ، دریاگنج
City نیی دہلی
Postal code 110002
300 ## - PHYSICAL DESCRIPTION
Extent 159p.
Dimensions 21cm(Hb)
650 ## - SUBJECT ADDED ENTRY--TOPICAL TERM
Topical term or geographic name as entry element اردو شاعری - 20th صدی - تاریخ اور تنقید.
9 (RLIN) 109045
650 ## - SUBJECT ADDED ENTRY--TOPICAL TERM
Topical term or geographic name as entry element دب میں قوم.
9 (RLIN) 111052
650 ## - SUBJECT ADDED ENTRY--TOPICAL TERM
Topical term or geographic name as entry element Urdu poetry -- 20th century -- History and criticism.
9 (RLIN) 109047
650 ## - SUBJECT ADDED ENTRY--TOPICAL TERM
Topical term or geographic name as entry element Nationalism in literature
9 (RLIN) 6138
942 ## - ADDED ENTRY ELEMENTS (KOHA)
Source of classification or shelving scheme Dewey Decimal Classification
Koha item type Urdu Bks
Classification part 841.08
Call number suffix م ظ ف
Holdings
Withdrawn status Lost status Damaged status Not for loan Home library Current library Date acquired Source of acquisition Cost, normal purchase price Total Checkouts Full call number Barcode Date last seen Copy number Cost, replacement price Price effective from Koha item type
        Central Library Central Library 19/12/2015 Cen Lib/Ret 150.00   841.08 م ظ ف B-230501 19/12/2015 1 150.00 19/12/2015 Urdu Bks

© Delhi Public Library
Hit Counter
free hit counter